ARRUPE JESUIT UNIVERSITY

CORONAVIRUS -STOP THE SPREAD - CLEAN,DISINFECT,COVER

Notes on the spiritual exercises of St. Ignatius of Loyola (Record no. 24614)

MARC details
000 -LEADER
fixed length control field 00355nam a2200145Ia 4500
003 - CONTROL NUMBER IDENTIFIER
control field 0100
005 - DATE AND TIME OF LATEST TRANSACTION
control field 20181008115825.0
008 - FIXED-LENGTH DATA ELEMENTS--GENERAL INFORMATION
fixed length control field 130303s9999 xx 000 0 und d
040 ## - CATALOGING SOURCE
Transcribing agency ARRUPELIB
050 ## - LIBRARY OF CONGRESS CALL NUMBER
Classification number BX2179.L8F561983
245 ## - TITLE STATEMENT
Title Notes on the spiritual exercises of St. Ignatius of Loyola
260 ## - PUBLICATION, DISTRIBUTION, ETC. (IMPRINT)
Place of publication, distribution, etc St Louis
Name of publisher, distributor, etc Review for Religious
Date of publication, distribution, etc 1983
300 ## - PHYSICAL DESCRIPTION
Extent 331p
700 ## - ADDED ENTRY--PERSONAL NAME
Personal name Fleming, David L
9 (RLIN) 42794
Relator term ed.
942 00 - ADDED ENTRY ELEMENTS (KOHA)
Koha issues (borrowed), all copies 2
Source of classification or shelving scheme Library of Congress Classification
Koha item type Monograph ( Printed materials)
Holdings
Withdrawn status Lost status Source of classification or shelving scheme Damaged status Not for loan Collection code Home library Current library Date acquired Total Checkouts Full call number Barcode Date last seen Date checked out Copy number Price effective from Koha item type
    Library of Congress Classification     Main Collection ARRUPE LIBRARY ARRUPE LIBRARY 04/03/2013 2 BX2179.L8F56 1983 46500023067 22/11/2017 16/07/2015 1 04/03/2013 Monograph ( Printed materials)
    Library of Congress Classification       ARRUPE LIBRARY ARRUPE LIBRARY 08/10/2018   BX2179.L8N911 46003094514 08/10/2018   2 08/10/2018 Monograph ( Printed materials)
    Library of Congress Classification       ARRUPE LIBRARY ARRUPE LIBRARY 08/10/2018   BX2179.L8F561983 46600003218 08/10/2018   3 08/10/2018 Monograph ( Printed materials)

 

Arrupe Library. PO Box MP320 Mt Pleasant, Harare, Zimbabwe
263 242 745411|librarian@aju.ac.zw